[Event "Buenos Aires La Porta Cup"]
[Site "Buenos Aires"]
[Date "2019.03.21"]
[Round "2"]
[White "Abregu, Miguel"]
[Black "Alvarez, Alberto Elias"]
[Result "1-0"]
[WhiteElo "2251"]
[BlackElo "1959"]
[PlyCount "91"]
[EventDate "2019.03.20"]
[EventType "swiss"]
[EventRounds "9"]
[EventCountry "ARG"]
[SourceTitle "CBM 189 Extra"]
[Source "ChessBase"]
[SourceDate "2019.06.03"]
[SourceVersion "1"]
[SourceVersionDate "2019.06.03"]
[SourceQuality "1"]

1. d4 g6 2. Nf3 Bg7 3. Bf4 d6 4. e3 Nd7 5. Bg3 Ngf6 6. Nbd2 0-0 7. h3 c5 8. c3 a6 9. a4 b6 10. Be2 Bb7 11. 0-0 Re8 12. Bh2 Bc6 13. Re1 b5 14. dxc5 dxc5 15. axb5 axb5 16. Qc2 Qb6 17. Ne5 Nxe5 18. Bxe5 Rxa1 19. Rxa1 Ra8 20. Rxa8+ Bxa8 21. Qb3 Bc6 22. Bf3 Bxf3 23. Nxf3 Nd7 24. Bg3 Qc6 25. Qd1 b4 26. Qc2 bxc3 27. bxc3 c4 28. Qb2 Qb6 29. Qa3 Bf6 30. Qa4 Qb1+ 31. Kh2 Qd3 32. Nd4 Nc5 33. Qe8+ Kg7 34. Nc6 Ne4 35. Ne5 Qd5 36. Nd7 h6 37. Qf8+ Kh7 38. Qd8 Nxc3 39. e4 Qc6 40. Nf8+ Kg7 41. e5 Bg5 42. Nd7 Qd5 43. f4 Ne2 44. fxg5 hxg5 45. Qf8+ Kh7 46. Nf6+ 1-0

[Event "Latin Cup-A 6th"]
[Site "Buenos Aires"]
[Date "2015.03.20"]
[Round "2"]
[White "Viegas Palermo, Jose"]
[Black "Alvarez, Alberto Elias"]
[Result "0-1"]
[WhiteElo "1459"]
[BlackElo "1967"]
[PlyCount "36"]
[EventDate "2015.03.19"]
[EventType "swiss"]
[EventRounds "9"]
[EventCountry "ARG"]
[SourceTitle "CBM 165 Extra"]
[Source "ChessBase"]
[SourceDate "2015.04.21"]
[SourceVersion "1"]
[SourceVersionDate "2015.04.21"]
[SourceQuality "1"]

1. e4 c5 2. Nf3 Nc6 3. Bb5 Nd4 4. Nxd4 cxd4 5. c3 dxc3 6. dxc3 g6 7. Be3 Bg7 8. Bd4 Nf6 9. Nd2 0-0 10. Nf3 Nxe4 11. Bxg7 Kxg7 12. 0-0 d5 13. Qd4+ Nf6 14. Rad1 a6 15. Ba4 b5 16. Bb3 Bb7 17. Bxd5 Bxd5 18. Qxd5 Nxd5 0-1

[Event "Buenos Aires U2200 1st"]
[Site "Buenos Aires"]
[Date "2015.02.15"]
[Round "3.1"]
[White "Uelf, Maximiliano"]
[Black "Alvarez, Alberto Elias"]
[Result "1-0"]
[WhiteElo "2197"]
[BlackElo "1974"]
[PlyCount "81"]
[EventDate "2015.02.14"]
[EventType "swiss"]
[EventRounds "7"]
[EventCountry "ARG"]
[SourceTitle "EXT 2024"]
[Source "ChessBase"]
[SourceDate "2023.10.10"]
[SourceVersion "1"]
[SourceVersionDate "2023.10.10"]
[SourceQuality "1"]

1. Nf3 Nf6 2. g3 g6 3. Bg2 Bg7 4. 0-0 0-0 5. d4 d6 6. c3 Nc6 7. Na3 Bg4 8. h3 Bd7 9. d5 Nb8 10. Re1 Qc8 11. h4 e5 12. dxe6 fxe6 13. Qb3 Nc6 14. e4 a5 15. e5 a4 16. Qc2 Nxe5 17. Nxe5 dxe5 18. Rxe5 Ng4 19. Re2 e5 20. f3 Bf5 21. Qd1 Rd8 22. Qe1 Nf6 23. Bg5 h6 24. Bxf6 Bxf6 25. Rd2 Rxd2 26. Qxd2 Kh7 27. Rd1 Qe6 28. Qe2 Rf8 29. Nc4 e4 30. Re1 b5 31. Nd2 Qb6+ 32. Kh2 exf3 33. Bxf3 Qd6 34. Kg2 a3 35. Ne4 Bxe4 36. Bxe4 axb2 37. Qxb2 b4 38. Qe2 Bxc3 39. Rd1 Qe5 40. Qg4 Qf6 41. h5 1-0

[Event "Buenos Aires La Porta Cup"]
[Site "Buenos Aires"]
[Date "2014.12.14"]
[Round "2"]
[White "Spata, German"]
[Black "Alvarez, Alberto Elias"]
[Result "1-0"]
[WhiteElo "2235"]
[BlackElo "2006"]
[PlyCount "67"]
[EventDate "2014.12.13"]
[EventType "swiss"]
[EventRounds "9"]
[EventCountry "ARG"]
[SourceTitle "EXT 2016"]
[Source "ChessBase"]
[SourceDate "2015.10.08"]
[SourceVersion "1"]
[SourceVersionDate "2015.10.08"]
[SourceQuality "1"]

1. Nf3 g6 2. c4 Bg7 3. d4 d6 4. e4 c5 5. Be2 cxd4 6. Nxd4 Nc6 7. Be3 Nf6 8. Nc3 0-0 9. 0-0 Bd7 10. f3 Nxd4 11. Bxd4 Bc6 12. Qd2 d5 13. b3 Nd7 14. Be3 Nc5 15. Rab1 Qb6 16. Rfc1 Rfc8 17. Rc2 h5 18. Bf1 Kh7 19. g3 Qd8 20. Nxd5 Bxd5 21. exd5 Qh8 22. Re1 Rc7 23. Kh1 b6 24. f4 f5 25. Bg2 Bf6 26. Bf3 Qg7 27. Kg2 Kg8 28. h3 Kf7 29. g4 hxg4 30. hxg4 Rh8 31. g5 Ne4 32. Bxe4 fxe4 33. Qf2 Qh7 34. Qg3 1-0

[Event "Villa Martelli op-A 21st"]
[Site "Villa Martelli"]
[Date "2014.11.11"]
[Round "5"]
[White "Amato, Leonel"]
[Black "Alvarez, Alberto Elias"]
[Result "0-1"]
[WhiteElo "1967"]
[BlackElo "2007"]
[PlyCount "80"]
[EventDate "2014.11.07"]
[EventType "swiss"]
[EventRounds "9"]
[EventCountry "ARG"]
[SourceTitle "CBM 163 Extra"]
[Source "ChessBase"]
[SourceDate "2014.12.23"]
[SourceVersion "1"]
[SourceVersionDate "2014.12.23"]
[SourceQuality "1"]

1. e4 c5 2. Nf3 Nc6 3. d3 g6 4. g3 Bg7 5. Bg2 d6 6. 0-0 Nf6 7. c3 0-0 8. a3 a5 9. a4 c4 10. Na3 cxd3 11. Qxd3 Bd7 12. Nc4 Ng4 13. Rd1 Be6 14. Ne3 Nge5 15. Nxe5 Nxe5 16. Qe2 Nd7 17. Nd5 Rb8 18. Be3 b6 19. Ra3 Bxd5 20. exd5 Qc7 21. Bf1 Rfe8 22. Bg2 h6 23. h4 Kh7 24. h5 g5 25. Qf3 Kg8 26. Qf5 e6 27. dxe6 fxe6 28. Qd3 d5 29. Bxd5 Ne5 30. Bxe6+ Rxe6 31. Qd5 Qc6 32. Rb3 Qxd5 33. Rxd5 Nc4 34. Bd4 Bxd4 35. Rxd4 Ne5 36. Rd5 Rf8 37. Rbb5 Nf3+ 38. Kg2 Ref6 39. Rd7 g4 40. Rb7 Nh2 0-1

[Event "Buenos Aires Duchamp Memorial op 4th"]
[Site "Buenos Aires"]
[Date "2012.10.30"]
[Round "8"]
[White "Alvarez, Alberto Elias"]
[Black "Sotelo, Noe"]
[Result "0-1"]
[WhiteElo "2040"]
[BlackElo "1759"]
[PlyCount "43"]
[EventDate "2012.10.22"]
[EventType "swiss"]
[EventRounds "9"]
[EventCountry "ARG"]
[SourceTitle "EXT 2013"]
[Source "ChessBase"]
[SourceDate "2012.11.22"]
[SourceVersion "1"]
[SourceVersionDate "2012.11.22"]
[SourceQuality "1"]

1. e4 c5 2. Nf3 Nc6 3. d4 cxd4 4. Nxd4 g6 5. Nc3 Bg7 6. Be3 Nf6 7. f3 0-0 8. Bc4 Qb6 9. Qd2 Nxe4 10. fxe4 Bxd4 11. Bxd4 Qxd4 12. Qxd4 Nxd4 13. 0-0-0 Ne6 14. Nd5 Re8 15. h4 Rb8 16. h5 b5 17. Be2 d6 18. hxg6 hxg6 19. Rh6 Kg7 20. Rdh1 Ng5 21. Bxb5 Rxb5 22. Nc7 0-1

[Event "Buenos Aires Duchamp Memorial op 4th"]
[Site "Buenos Aires"]
[Date "2012.10.27"]
[Round "5"]
[White "Alvarez, Alberto Elias"]
[Black "Berardo, Tomas"]
[Result "1/2-1/2"]
[WhiteElo "2040"]
[BlackElo "1676"]
[PlyCount "59"]
[EventDate "2012.10.22"]
[EventType "swiss"]
[EventRounds "9"]
[EventCountry "ARG"]
[SourceTitle "EXT 2013"]
[Source "ChessBase"]
[SourceDate "2012.11.22"]
[SourceVersion "1"]
[SourceVersionDate "2012.11.22"]
[SourceQuality "1"]

1. e4 c5 2. Nf3 d6 3. d4 Nf6 4. Nc3 cxd4 5. Nxd4 Nc6 6. Be2 g6 7. 0-0 Bg7 8. Be3 a6 9. Qd2 0-0 10. Rad1 Qc7 11. Nd5 Nxd5 12. exd5 Nxd4 13. Bxd4 Bxd4 14. Qxd4 Qxc2 15. Rd2 Qc5 16. Qe4 e5 17. dxe6 Bxe6 18. Qxb7 Rfb8 19. Qe7 Ra7 20. Qxd6 Qxd6 21. Rxd6 Rxb2 22. Rxa6 Rxa6 23. Bxa6 Rxa2 24. Bb7 Kg7 25. h3 h5 26. h4 Kf6 27. Kh2 Rb2 28. Ba6 Rb4 29. g3 Bc4 30. Bxc4 1/2-1/2

[Event "Buenos Aires op"]
[Site "Buenos Aires"]
[Date "2011.11.25"]
[Round "7"]
[White "Arraga, Gerardo"]
[Black "Alvarez, Alberto Elias"]
[Result "0-1"]
[WhiteElo "1927"]
[BlackElo "1989"]
[PlyCount "55"]
[EventDate "2011.11.11"]
[EventType "swiss"]
[EventRounds "9"]
[EventCountry "ARG"]
[SourceTitle "CBM 145 Extra"]
[Source "ChessBase"]
[SourceDate "2012.01.03"]
[SourceVersion "1"]
[SourceVersionDate "2012.01.03"]
[SourceQuality "1"]

1. c4 e5 2. Nf3 Nc6 3. Nc3 Nf6 4. g3 d5 5. cxd5 Nxd5 6. d3 Be7 7. Qb3 Nb6 8. Bg2 Be6 9. Qd1 a5 10. 0-0 g5 11. b3 g4 12. Nd2 h5 13. Bb2 h4 14. Nc4 hxg3 15. hxg3 f5 16. e3 Bg5 17. Qe2 Qf6 18. Rfd1 Rh5 19. f4 gxf3 20. Qxf3 Qh6 21. Kf2 0-0-0 22. Rac1 f4 23. exf4 exf4 24. g4 Rh2 25. Nxb6+ cxb6 26. d4 Qh4+ 27. Kf1 Bxg4 28. Qe4 0-1

[Event "Buenos Aires op"]
[Site "Buenos Aires"]
[Date "2011.11.18"]
[Round "3"]
[White "Valente, Hector Manuel"]
[Black "Alvarez, Alberto Elias"]
[Result "0-1"]
[WhiteElo "1849"]
[BlackElo "1989"]
[PlyCount "89"]
[EventDate "2011.11.11"]
[EventType "swiss"]
[EventRounds "9"]
[EventCountry "ARG"]
[SourceTitle "CBM 145 Extra"]
[Source "ChessBase"]
[SourceDate "2012.01.03"]
[SourceVersion "1"]
[SourceVersionDate "2012.01.03"]
[SourceQuality "1"]

1. b4 e5 2. Bb2 d6 3. e3 Nf6 4. c4 g6 5. b5 Bg7 6. Nf3 0-0 7. Be2 Nbd7 8. 0-0 Re8 9. Re1 Nf8 10. a4 h5 11. d4 e4 12. Nfd2 N8h7 13. Nc3 Bf5 14. h3 Qd7 15. Qb3 Bxh3 16. gxh3 Qxh3 17. Bf1 Qh4 18. f3 exf3 19. Nxf3 Qg3+ 20. Bg2 Ng4 21. Nd5 h4 22. Nf4 Bh6 23. Nh3 Nxe3 24. Rxe3 Rxe3 25. Qd1 Rae8 26. Qf1 Re2 27. Bc3 g5 28. Be1 Rxg2+ 29. Qxg2 Qxg2+ 30. Kxg2 g4 31. Nxh4 gxh3+ 32. Kxh3 Re4 33. Nf5 Bf4 34. Bh4 f6 35. Rg1+ Bg5 36. Re1 Bxh4 37. Rxe4 Ng5+ 38. Kxh4 Nxe4 39. Kg4 Kf7 40. Kf4 Nc3 41. a5 d5 42. b6 axb6 43. axb6 dxc4 44. bxc7 Ke6 45. Ke3 0-1

[Event "Buenos Aires op"]
[Site "Buenos Aires"]
[Date "2011.11.11"]
[Round "1"]
[White "Soria, Jorge Rodolfo"]
[Black "Alvarez, Alberto Elias"]
[Result "0-1"]
[WhiteElo "1609"]
[BlackElo "1989"]
[PlyCount "40"]
[EventDate "2011.11.11"]
[EventType "swiss"]
[EventRounds "9"]
[EventCountry "ARG"]
[SourceTitle "CBM 145 Extra"]
[Source "ChessBase"]
[SourceDate "2012.01.03"]
[SourceVersion "1"]
[SourceVersionDate "2012.01.03"]
[SourceQuality "1"]

1. e4 c5 2. Nf3 Nc6 3. d4 cxd4 4. Nxd4 Nf6 5. Nc3 g6 6. f3 Bg7 7. Be3 Qb6 8. Qd2 Nxe4 9. fxe4 Bxd4 10. Bxd4 Qxd4 11. Qxd4 Nxd4 12. 0-0-0 Ne6 13. Bc4 d6 14. e5 dxe5 15. Rd2 Bd7 16. Rhd1 0-0-0 17. Nd5 Rhe8 18. g3 f6 19. c3 Nc5 20. Nb4 Bg4 0-1

[Event "Buenos Aires Najdorf Centenary op"]
[Site "Buenos Aires"]
[Date "2010.04.05"]
[Round "8"]
[White "Alvarez, Alberto Elias"]
[Black "Calens, Diego"]
[Result "0-1"]
[WhiteElo "1970"]
[BlackElo "2108"]
[PlyCount "104"]
[EventDate "2010.04.04"]
[EventType "swiss"]
[EventRounds "9"]
[EventCountry "ARG"]
[SourceTitle "CBM 136 Extra"]
[Source "ChessBase"]
[SourceDate "2010.07.02"]
[SourceVersion "2"]
[SourceVersionDate "2010.07.15"]
[SourceQuality "1"]

1. e4 c5 2. Nf3 e6 3. d4 cxd4 4. Nxd4 a6 5. Bd3 g6 6. 0-0 Bg7 7. Be3 Nf6 8. c4 d6 9. Nc3 0-0 10. Rc1 Nbd7 11. h3 d5 12. cxd5 exd5 13. exd5 Nb6 14. d6 Nfd5 15. Ne4 Nxe3 16. fxe3 f5 17. Qb3+ Kh8 18. Nc5 Qxd6 19. Nde6 Bxe6 20. Nxe6 Rfc8 21. Ng5 Qd5 22. Rxc8+ Rxc8 23. Qxb6 Qxd3 24. Qe6 Qc4 25. b3 Qxe6 26. Nxe6 Bh6 27. Kf2 Bxe3+ 28. Ke2 Re8 29. Nc7 Re5 30. Kd3 f4 31. Re1 Kg7 32. b4 Kf7 33. a4 Ke7 34. Re2 Kd7 35. Rc2 Bb6 36. Na8 Bd8 37. Kd4 Re6 38. a5 Rc6 39. Rf2 g5 40. h4 h6 41. hxg5 hxg5 42. Ke5 Rc4 43. Rd2+ Ke7 44. Rb2 Rc8 45. Nb6 Bxb6 46. axb6 a5 47. Kf5 a4 48. Kxg5 Rc4 49. Kf5 Kd6 50. Rb1 Kc6 51. Ke5 Kb5 52. Kd5 Rxb4 0-1